Представление документа в формате MARC21

ПолеНазваниеЗначение
  Тип записи a
  Библиографический уровень m
001 Контрольный номер BIBLIOCLUB\0000600357
005 Дата корректировки 20230117154057.0
006 m o d
007 Элементы данных для физической характеристики c|||||||||||||
008 Кодируемые данные s2005 rus o rus d
020 Индекс ISBN __
a ISBN 5-89289-260-3
041 Код языка издания 0_
a Код языка текста rus
084 Индекс другой классификации/Индекс ББК __
a Индекс другой классификации/Индекс ББК 74.480.2я73
b Номер единицы LBC/PL
2 Источник индекса rubbk
084 Индекс другой классификации/Индекс ББК __
a Индекс другой классификации/Индекс ББК 75.116.42я73
b Номер единицы LBC/PL
2 Источник индекса rubbk
100 Автор 1_
a Автор Коротких И. А.
245 Заглавие 10
a Заглавие Физическая культура студента
b Продолж. заглавия учебное пособие
c Ответственность И. А. Коротких, Н. Д. Прасалов, В. Г. Иванников
c Ответственность Кемеровский государственный университет
n Номер части/ раздела Ч. 3
260 Выходные данные __
a Место издания Кемерово
b Издательство Кемеровский государственный университет
c Дата издания 2005
300 Физическое описание __
a Объем 48 с.
b Иллюстрации/ тип воспроизводства ил.
653 Ключевые слова 1_
a Ключевые слова Учебник для высшей школы
700 Другие авторы _1
a Другие авторы Иванников В. Г.
700 Другие авторы _1
a Другие авторы Прасалов Н. Д.
856 Электронный адрес документа 40
3 Область применения данных поля Университетская библиотека ONLINE
u URL https://biblioclub.ru/index.php?page=book&id=600357
952 Тип литературы __
c Вид литературы учебное пособие